| 000 | 00722nam a2200217 u 4500 | ||
|---|---|---|---|
| 005 | 20251028063937.0 | ||
| 008 | 160204s2004 mx r 000 0 spa d | ||
| 020 | _a9789680101351 | ||
| 035 | _aUPN01000207815 | ||
| 049 | _aLTG | ||
| 050 | 4 |
_aLB1589 _bM6.1 2004 LR |
|
| 245 | 0 | 0 |
_aMatemáticas : _bprimer grado : recortable / _ccoord. David Francisco Block Sevilla. |
| 250 | _a4a ed. | ||
| 260 |
_aMéxico : _bSEP, Comisión Nacional de Libros de Texto Gratuitos, _c2004. |
||
| 300 |
_a30 p. recortables : _bil. col. |
||
| 500 | _aLibro de texto gratuito | ||
| 650 | 4 |
_aMatemáticas _xEstudio y enseñanza (Elemental) _92809 |
|
| 700 | 1 |
_aBlock Sevilla, David _ecoord. _932624 |
|
| 905 | _aLibro | ||
| 999 |
_c179916 _d179916 |
||